PIONEER CHEMISTRY (Record no. 715)
[ view plain ]
| 000 -LEADER | |
|---|---|
| fixed length control field | 00266nam a22001097a 4500 |
| 082 ## - DEWEY DECIMAL CLASSIFICATION NUMBER | |
| Classification number | 540 |
| Item number | VER/C |
| 100 ## - MAIN ENTRY--AUTHOR NAME | |
| Personal name | VERMA & VERMA |
| 245 ## - TITLE STATEMENT | |
| Title | PIONEER CHEMISTRY |
| Remainder of title | CLASS XII |
| 260 ## - PUBLICATION, DISTRIBUTION, ETC. (IMPRINT) | |
| Place of publication | DELHI |
| Name of publisher | DHANPAT RAI & CO |
| Year of publication | 2004 |
| 650 ## - SUBJECT ADDED ENTRY--TOPICAL TERM | |
| Topical Term | CHEMISTRY FOR CLASS XII |
| Geographic subdivision | INDIA |
| 942 ## - ADDED ENTRY ELEMENTS (KOHA) | |
| Koha item type | Books |
| Withdrawn status | Lost status | Collection code | Home library | Current library | Shelving location | Date acquired | Source of acquisition | Full call number | Accession Number | Koha item type |
|---|---|---|---|---|---|---|---|---|---|---|
| Reference | Main Library | Main Library | SHELF 9 D PLUS 2 CHEMISTRY | 18/03/2006 | purchase | 540 VER/C | 02289 | Books |